The political economy of modern Spain: policy marking in an authoritarian system
সংরক্ষণ করুন:
| প্রধান লেখক: | |
|---|---|
| বিন্যাস: | গ্রন্থ |
| ভাষা: | ইংরেজি |
| প্রকাশিত: |
Madison
The University of Wisconsin
1970
|
| বিষয়গুলি: | |
| ট্যাগগুলো: |
ট্যাগ যুক্ত করুন
কোনো ট্যাগ নেই, প্রথমজন হিসাবে ট্যাগ করুন!
|
MARC
| LEADER | 00000nam a2200000 a 4500 | ||
|---|---|---|---|
| 001 | UCT7760 | ||
| 003 | CL-VaPUC | ||
| 008 | 970317e19700000us |||||||||||||||||eng|d | ||
| 082 | 0 | 4 | |a 338.9 |b AND |2 21 |
| 100 | 0 | |a Anderson, Charles W |e author |9 378844 | |
| 245 | 1 | 4 | |a The political economy of modern Spain: policy marking in an authoritarian system |
| 300 | |a 282 p | ||
| 942 | |c BK | ||
| 945 | |d 19970317 00:00:00 |a nastorga | ||
| 260 | |a Madison |b The University of Wisconsin |c 1970 | ||
| 650 | 0 | |a Política económica |9 255029 | |
| 650 | 0 | |a Modernismo |9 267987 | |
| 650 | 7 | |a PLANIFICACION |2 CL-VaPUC |9 260802 | |
| 650 | 0 | |a Economía |9 255568 | |
| 650 | 0 | |a Desarrollo social |9 264534 | |
| 651 | 0 | |a España |9 254926 | |
| 583 | |a last modification |c 20171218 04:54:52 |k Rodrigo Vera | ||
| 999 | |c 256307 |d 256305 | ||
| 952 | |0 0 |1 0 |4 0 |6 338_900000000000000_AND_1970 |7 0 |8 P |9 278973 |a BIBDER |b BIBDER |d 2019-11-19 |i 1810677 |o 338.9 AND 1970 |p 1810677 |r 2023-01-25 |w 2019-11-19 |y BK |k DER | ||